Top 10 dei paesi con decessi Covid-19 - 9 aprile - Statistics

Statistiche generali
  • Questo quiz è stato fatto 40 volte
  • Il punteggio medio è 8 su 13
Statistiche sulle risposte
tasso per
milioni
nazione % Corretto
187 Francia
100%
302 Italia
100%
50 Stati Uniti
100%
Cina
95%
326 Spagna
92%
Germania
84%
118 Regno Unito
81%
218 Belgio
32%
110 Svizzera
32%
140 Paesi Bassi
27%
53 Irlanda
24%
79 Svezia
24%
Iran
22%
Nessun quiz corrispondente trovato
Distribuzione punteggi
Percentuale di utenti per punteggio
Percentile per numero di risposta
I tuoi punteggi nel tempo
Non hai fatto questo quiz